Autobiografías campesinas

שמור ב:
מידע ביבליוגרפי
מחבר תאגידי: Universidad Nacional. Escuela de Planificación y Promoción Social
פורמט: Texto
יצא לאור: Heredia: EUNA
תגים: הוספת תג
אין תגיות, היה/י הראשונ/ה לתייג את הרשומה!

MARC

LEADER 00000 a a2200000 04500
001 24967
003
040 |a CRAI/IIS  |c CRAI/IIS 
090 |a 176600  
110 |a Universidad Nacional. Escuela de Planificación y Promoción Social  
245 |a Autobiografías campesinas  
260 |a Heredia:   |b EUNA  
300 |a 231 p.; Vol. 1  
999 |c 2019  |d 2019